000 00422nam a2200169Ia 4500
003 GCL
008 140319s9999 xx 000 0 eng d
040 _aGCL /
_cGCL
082 0 4 _aREF
_b911.03
_bF D
100 1 _aFARNDON, JOHN
245 1 0 _aDICTIONARY OF THE EARTH /
_cFARNDON, JOHN
260 _a[S.N] :
_bDORLING KINDERSLEY ،
_c1994
300 _a192 P
650 0 4 _aEARTH
650 0 4 _aGEOGRAPHY
942 _2ddc
_cBK
999 _c19746
_d19746